书目信息 |
| 题名: |
涂料配方与生产
|
|
| 作者: | 李东光 主编 | |
| 分册: | 二 | |
| 出版信息: | 北京 化学工业出版社 2011.1 |
|
| 页数: | 316页 | |
| 开本: | 24cm | |
| 丛书名: | ||
| 单 册: | ||
| 中图分类: | TQ630.6 | |
| 科图分类: | ||
| 主题词: | 涂料--配方 , 涂料--生产工艺 , 涂料 | |
| 电子资源: | ||
| ISBN: | 978-7-122-09752-1 | |
| 000 | 00835nam0 2200253 45 | |
| 001 | 515 | |
| 005 | 20120604093746.12 | |
| 010 | @a978-7-122-09752-1@dCNY49.00 | |
| 100 | @a20120328d2011 em y0chiy50 ea | |
| 101 | 0 | @achi |
| 102 | @aCN@b110000 | |
| 105 | @ay z 000yy | |
| 106 | @ar | |
| 200 | 1 | @a涂料配方与生产@ATu Liao Pei Fang Yu Sheng Chan@h二@HEr@f李东光主编@FLi Dong Guang Zhu Bian |
| 210 | @a北京@c化学工业出版社@d2011.1 | |
| 215 | @a316页@d24cm | |
| 330 | @a本书提供300余例涂料产品的1000余个配方及它们的生产方法,涉及内墙、地面、防腐、防水、防辐射、防锈、保湿、耐高温、道路等涂料领域。 | |
| 606 | 0 | @a涂料@x配方 |
| 606 | 0 | @a涂料@x生产工艺 |
| 606 | 0 | @a涂料 |
| 690 | @aTQ630.6@v4 | |
| 701 | 0 | @a李东光@ALi Dong Guang@c(合成洗涤剂工业)@4主编 |
| 801 | 0 | @aCN@bTSTCL@c20120328 |
| 905 | @b0813748-54@dTQ630.6@e33@f7 | |
| 涂料配方与生产.二/李东光主编.-北京:化学工业出版社,2011.1 |
| 316页;24cm |
| ISBN 978-7-122-09752-1:CNY49.00 |
| 本书提供300余例涂料产品的1000余个配方及它们的生产方法,涉及内墙、地面、防腐、防水、防辐射、防锈、保湿、耐高温、道路等涂料领域。 |
| ● |
| 相关链接 |
|
|
|
|
正题名:涂料配方与生产
索取号:TQ630.6/33
 
预约/预借
| 序号 | 登录号 | 条形码 | 馆藏地/架位号 | 状态 | 备注 |
| 1 | 0813748 | 208137489 | 第二样本阅览室/ [索取号:TQ630.6/33] | 在馆 | |
| 2 | 0813749 | 208137498 | 第三借阅区/ [索取号:TQ630.6/33] | 在馆 | |
| 3 | 0813750 | 208137504 | 第三借阅区/ [索取号:TQ630.6/33] | 在馆 | |
| 4 | 0813751 | 208137513 | 第三借阅区/ [索取号:TQ630.6/33] | 在馆 | |
| 5 | 0813752 | 208137522 | 第三借阅区/ [索取号:TQ630.6/33] | 在馆 | |
| 6 | 0813753 | 208137531 | 第三借阅区/ [索取号:TQ630.6/33] | 在馆 | |
| 7 | 0813754 | 208137540 | 第三借阅区/ [索取号:TQ630.6/33] | 在馆 |